00572nam a2200121 a 4500008004100000050002200041100002900063245015700092260014500249300002100394350000900415650002600424090720s2008 ||||||||||||||||| || u aCBU-PG THESIS/MWE aMweemba, Marion Chilombe10aHuman-Wildlife conflict management in Mosi-Oa-Tunya National Parks and Simonga Village: an application of PGIS in ZambiacSupervised by Hennemann, G. R. aNetherlandsbInternational Institute for geo-information science and earth observation Enschede, the Netherlands, Postgraduate Studiesc2008 axiii, 85p. :ill. a0.00 aGAME RESERVES--ZAMBIA